Faculty of Law Library — Cairo University

Official Online Catalog

Situation Des Condamnés Etrangers Ou Apatrides Après Leur Libération / (Record no. 69865)

MARC details
000 -LEADER
fixed length control field 01248nam a2200325 i 4500
003 - CONTROL NUMBER IDENTIFIER
control field EG-GICUC
005 - DATE AND TIME OF LATEST TRANSACTION
control field 20260409151748.0
008 - FIXED-LENGTH DATA ELEMENTS--GENERAL INFORMATION
fixed length control field 260409s1938 |||||||fr|||| 100 0 Fre d
040 ## - CATALOGING SOURCE
Original cataloging agency EG-GiCUC
Transcribing agency EG-GiCUC
Modifying agency EG-GiCUC
Description conventions Rda
Language of cataloging fre
041 0# - LANGUAGE CODE
Language code of text/sound track or separate title fre
082 04 - DEWEY DECIMAL CLASSIFICATION NUMBER
Edition number 21
Classification number 343.78
Item number C O . S
092 04 - LOCALLY ASSIGNED DEWEY CALL NUMBER (OCLC)
Edition number 21
099 ## - LOCAL FREE-TEXT CALL NUMBER (OCLC)
Classification number Law1 10 343.78 C O . S 1938
111 1# - MAIN ENTRY--MEETING NAME
Meeting name or jurisdiction name as entry element Conférence Internationale Pour L'unification Du Droit Pénal
Number of part/section/meeting VII :
Location of meeting le caire.
245 10 - TITLE STATEMENT
Title Situation Des Condamnés Etrangers Ou Apatrides Après Leur Libération /
Statement of responsibility, etc. Conférence Internationale Pour L'unification Du Droit Pénal.
264 #3 - PRODUCTION, PUBLICATION, DISTRIBUTION, MANUFACTURE, AND COPYRIGHT NOTICE
Place of production, publication, distribution, manufacture le caire :
Name of producer, publisher, distributor, manufacturer f. e. noury & fils,
Date of production, publication, distribution, manufacture, or copyright notice 1938.
300 ## - PHYSICAL DESCRIPTION
Extent 29 pages ;
Dimensions 24 cm.
336 ## - CONTENT TYPE
Source rda contenu
Content type term texte
337 ## - MEDIA TYPE
Source rda medias
Media type term Ordinateur
338 ## - CARRIER TYPE
Source transporteur rda
Carrier type term Ressource en ligne
500 ## - GENERAL NOTE
General note Extrait De La Revue Al Qanoun Wal Iqtisad<br/>Villme Année No. 2<br/>Février 1918
500 ## - GENERAL NOTE
General note La numérotation commence à la page 95.<br/>
504 ## - BIBLIOGRAPHY, ETC. NOTE
Bibliography, etc. note Comprend des références bibliographiques.<br/><br/>
546 ## - LANGUAGE NOTE
Language note النص باللغة الفرنسية
650 1# - SUBJECT ADDED ENTRY--TOPICAL TERM
Source of heading or term Droit pénal
651 1# - SUBJECT ADDED ENTRY--GEOGRAPHIC NAME
Source of heading or term qrmak
856 40 - ELECTRONIC LOCATION AND ACCESS
Uniform Resource Identifier <a href="https://fll.law.cu.edu.eg/fulltext/bks/B10-08243.pdf">https://fll.law.cu.edu.eg/fulltext/bks/B10-08243.pdf</a>
905 ## - Cataloger and Reviser Names
Cataloger Name: Omar
942 ## - ADDED ENTRY ELEMENTS (KOHA)
Source of classification or shelving scheme Dewey Decimal Classification
Suppress in OPAC No
Koha item type Books
Edition 21
Holdings
Withdrawn status Lost status Source of classification or shelving scheme Damaged status Not for loan Collection Home library Current library Date acquired Total checkouts Full call number Barcode Date last seen Copy number Price effective from Koha item type
    Dewey Decimal Classification   Not for loan القانون الجنائي جــــامعة القــاهرة مكتبة كلية الحقوق - المبنى الرئيسي 09.04.2026   Law1 10 343.78 C O . S 1938 1008243 C1 B10-08243 09.04.2026 1 09.04.2026 Books
    Dewey Decimal Classification     القانون الجنائي جــــامعة القــاهرة مكتبة كلية الحقوق - المبنى الرئيسي 09.04.2026   Law1 10 343.78 C O . S 1938 1008245 C2 B10-08245 09.04.2026 2 09.04.2026 Books
    Dewey Decimal Classification     القانون الجنائي جــــامعة القــاهرة مكتبة كلية الحقوق - المبنى الرئيسي 09.04.2026   Law2 10 343.78 C O . S 1938 1008246 C3 B10-08246 09.04.2026 3 09.04.2026 Books

© All rights reserved — Faculty of Law, Cairo University